000 00701nam a2200253Ia 4500
003 OSt
005 20220918204326.0
006 a|||||r|||| 00| 0
007 ta
008 220917b |||||||| |||| 00| 0 eng d
024 _a112,114
037 _cTextual
040 _aARTS
_cARTS
_beng
041 _2eng
_aeng
082 _aV55y7M89, M5
100 _aTurner Henry Ashby
_9111562
245 0 _aGerman big business and the rise of Hilter
260 _aNew York
_bOxford Unviersity Press
_c1985
300 _axxi, 504p.
_ccm.
500 _aBibliography p472-494
650 _aHISTORY
942 _hV55y7M89, M5
_cTEXL
_2CC
999 _c235463
_d235463